000 00614nam a2200229Ia 4500
003 OSt
005 20221007063017.0
006 a|||||r|||| 00| 0
007 ta
008 221006b |||||||| |||| 00| 0 eng d
024 _a6,394
037 _cTextual
040 _aFLL
_cFLL
_beng
041 _2eng
_aeng
082 _aZ2,6, L7
100 _aDiwan Paras Au.
245 0 _aIndian and english private international laws
260 _aBombay
_bN.M. Tripathi private limited India
_c1977
300 _a686p
_ccm.
942 _hZ2,6, L7
_cTEXL
_2CC
999 _c1130093
_d1130093